000 00690nam a2200193 i 4500
001 45125
003 ES-MaACL
005 20230906161147.0
007 t|
008 030325s1968 sp ||||1| spa d
100 1 _aCodón, José María.
_939441
245 1 0 _aPresencia de Burgos en la conquista de América :
_bdiscurso de ingreso en la Institución Fernán González /
_cJosé María Codón.
260 _aMadrid :
_bCultura Hispánica,
_c1968.
300 _a56 p. ;
_c25 cm.
650 4 _aBurgaleses-
_zAmérica.
_9172648
651 4 _aAmérica-
_xDescubrimientos y exploraciones-
_xEspañoles.
_9138324
710 2 _aInstitución Fernán González.
_94720
852 _aES-MaACL
_jC-42288
999 _c45125
_d45125